Statistics for Dragon type Pokemon

Click here to take the quiz!

General Stats

  • This quiz has been taken 2,846 times
    (2,423 since last reset)
  • The average score is 23 of 38

Answer Stats

Secondary Type Pokemon % Correct
FlyingDragonite
96%
NoneDratini
93%
NoneDragonair
93%
FlyingSalamence
73%
WaterPalkia
72%
ElectricZekrom
72%
NoneBagon
71%
GroundFlygon
71%
SteelDialga
70%
GroundGarchomp
70%
FireReshiram
69%
WaterKingdra
69%
GhostGiratina
67%
NoneShelgon
67%
FlyingRayquaza
67%
GroundGible
66%
GroundGabite
65%
IceKyurem
64%
PsychicLatios
64%
PsychicLatias
64%
GroundVibrava
62%
DarkHydreigon
59%
DarkDeino
53%
FlyingAltaria
53%
NoneAxew
52%
NoneHaxorus
51%
NoneGoodra
50%
DarkZweilous
49%
NoneDruddigon
47%
GroundZygarde
45%
NoneGoomy
45%
NoneFraxure
43%
FlyingNoivern
40%
PoisonDragalge
40%
NoneSliggoo
39%
RockTyrantrum
39%
FlyingNoibat
38%
RockTyrunt
37%

Score Distribution

Percentile by Number Answered

Percent of People with Each Score

Your Score History

You have not taken this quiz since the last reset